Focus (Record no. 78839)

MARC details
000 -LEADER
fixed length control field 00886cab a22002055a 4500
001 - CONTROL NUMBER
control field L138355
008 - FIXED-LENGTH DATA ELEMENTS--GENERAL INFORMATION
fixed length control field 070531e20070526xxk f d 000 0 eng d
035 ## - SYSTEM CONTROL NUMBER
System control number (Sirsi) u138355
041 0# - LANGUAGE CODE
Language code of text/sound track or separate title eng
100 1# - MAIN ENTRY--PERSONAL NAME
Personal name Jack, Simon
245 00 - TITLE STATEMENT
Title Focus
Remainder of title Yorkshire industrial and distribution
260 ## - PUBLICATION, DISTRIBUTION, ETC.
Date of publication, distribution, etc. 2007
490 ## - SERIES STATEMENT
Series statement Estates Gazette
Volume/sequential designation (0721) 26 May 2007, 101-119(8)
520 ## - SUMMARY, ETC.
Summary, etc. Reports on aspects of the property market. Port facilities in Hull and Goole have received investment, triggering opportunities for development schemes. Concerns are raised over the plethora of small- to mid-range space arriving on the market. The overall market is profiled. The key finding is that agents are advising investors to show caution.
590 ## - LOCAL NOTE (RLIN)
Local note KA
651 #4 - SUBJECT ADDED ENTRY--GEOGRAPHIC NAME
Geographic name NORTH EAST
690 ## - LOCAL SUBJECT ADDED ENTRY--TOPICAL TERM (OCLC, RLIN)
Topical term or geographic name as entry element PROPERTY-COMMERCIAL PROPERTY-COMMERCIAL PROPERTY MARKET
700 1# - ADDED ENTRY--PERSONAL NAME
Personal name Meadwell, Stacey
942 ## - ADDED ENTRY ELEMENTS (KOHA)
Suppress in OPAC 0
Holdings
Withdrawn status Lost status Source of classification or shelving scheme Damaged status Not for loan Home library Current library Shelving location Date acquired Total Checkouts Full call number Barcode Date last seen Copy number Price effective from Koha item type
    Dewey Decimal Classification     London London Journal article 31/05/2007   L138355 138355-1001 06/08/2019 1 06/08/2019 Journal article